000
00330nam a22001457a 4500
003
SGT
020
_a
9788119613779
082
_a
615
_b
GUP
100
_a
GUPTA PRINCE
245
_a
TEXTBOOK OF HOSPITAL CLINICAL PHARMACY
260
_a
INDIA
_b
IP PUB
_c
2024
300
_a
161
650
_a
CLINICAL PHARMACY
942
_2
ddc
_c
BK
999
_c
34227
_d
34227